Bytový dom

Guardado en:
Detalles Bibliográficos
Autor principal: Kurucová, Monika (Autor)
Otros Autores: Orosi, Pavol (Orientador)
Formato: Manuscrito Libro
Lenguaje:eslovaco
Publicado: 2019
Materias:
Acceso en línea:http://is.stuba.sk/zp/portal_zp.pl?podrobnosti=153062
https://opac.crzp.sk/?fn=detailBiblioForm&sid=F8FE310152E9D1F1EB164041F7FB
Etiquetas: Agregar Etiqueta
Sin Etiquetas, Sea el primero en etiquetar este registro!

MARC

LEADER 00000ntm a22000003a 4500
001 stuzp73978
003 SK-STU
005 20230606121514.1
007 ta
008 150427s2015----xo-----f-mn---000-0-slo-d
040 |a STU  |b slo 
041 0 |a slo 
100 1 |a Kurucová, Monika  |u 010270  |4 aut  |U SvF Stavebná fakulta  |T SvF Katedra technológie stavieb  |X 81035  |U V270  |Y 28  |7 81035 
242 0 1 |a Flat house  |y eng 
245 1 0 |a Bytový dom 
260 |c 2019 
650 4 |a Bakalárska práca  |2 slo 
650 4 |a Bytový dom  |2 slo 
650 4 |a Sklobetónová stena  |2 slo 
650 4 |a Slovak Technical University in Bratislava  |2 eng 
650 4 |a Department of Building Technology  |2 eng 
650 4 |a Flat house  |2 eng 
700 1 |a Orosi, Pavol  |u 010270  |k Z8  |4 ths  |U SvF Stavebná fakulta  |T SvF Katedra technológie stavieb  |X 51660  |U V270  |Y 28  |7 A000051660 
856 4 |u http://is.stuba.sk/zp/portal_zp.pl?podrobnosti=153062 
856 4 |u https://opac.crzp.sk/?fn=detailBiblioForm&sid=F8FE310152E9D1F1EB164041F7FB